Термическое разложение сульфита серебра, содержащего добавки Рв++ и VO3; Кинетика и катализ; Т. 5, вып. 2

Bibliografiske detaljer
Parent link:Кинетика и катализ/ Академия наук СССР (АН СССР).— , 1960-.— 0453-8811
Т. 5, вып. 2.— 1964.— С. 345-347
Hovedforfatter: Захаров Ю. А. Юрий Александрович
Andre forfattere: Савельев Г. Г.
Sprog:russisk
Udgivet: 1964
Fag:
Format: MixedMaterials Book Chapter
KOHA link:https://koha.lib.tpu.ru/cgi-bin/koha/opac-detail.pl?biblionumber=470242

MARC

LEADER 00000naa2a2200000 4500
001 470242
005 20241228180200.0
035 |a (RuTPU)RU\TPU\prd\135772 
035 |a RU\TPU\tpu\1331 
090 |a 470242 
100 |a 20120404d1964 k||y0rusy50 ca 
101 0 |a rus 
102 |a RU 
200 1 |a Термическое разложение сульфита серебра, содержащего добавки Рв++ и VO3  |f Ю. А. Захаров, Г. Г. Савельев 
461 |0 (RuTPU)RU\TPU\prd\215  |x 0453-8811  |t Кинетика и катализ  |f Академия наук СССР (АН СССР)  |d 1960- 
463 |0 (RuTPU)RU\TPU\prd\135771  |t Т. 5, вып. 2  |v С. 345-347  |d 1964 
610 1 |a химические науки 
610 1 |a труды учёных ТПУ 
700 1 |a Захаров  |b Ю. А.  |c российский химик  |c профессор Томского политехнического университета  |f 1938-  |g Юрий Александрович  |3 (RuTPU)RU\TPU\pers\19791 
701 1 |a Савельев  |b Г. Г. 
801 0 |a RU  |b 63413507  |c 20011210  |g PSBO 
801 2 |a RU  |b 63413507  |c 20151214  |g PSBO 
942 |c CR